000 01079nam a2200241 a 4500
003 BD-DhJNU
005 20260426074201.0
008 260508s2024 bg |||g |||| 000 1|ben|d
020 _a9789393833648
040 _aBD-DhJNU
_bben
_cBD-DhJNU
_dBD-DhJNU
041 _aben
082 _a709.54 HAB
_223
100 _aহালদার, শ্রীঅসিতকুমার
245 1 0 _aভারতের শিল্পকথা :
_bস্থাপত্য, ভাস্কর্য ও শিল্পকলা /
_cশ্রীঅসিতকুমার হালদার
246 _aBharater shilpa katha
250 _a1st ed.
260 _aভারত :
_bখড়ি প্রকাশনী,
_c2024.
300 _a১৭২ পৃ. :
_bচিত্র ;
_c২২ সেমি.।
504 _aগ্রন্থপঞ্জিগত নির্দেশিকা ও নিঘন্ট অন্তভূক্ত
650 _aভারতীয় শিল্পকলা -- ইতিহাস
650 _aArt, Indic -- History
942 _cBK
999 _c2734
_d2734